000 00490nam a2200169 4500
001 114233
003 ES-MaACL
005 20231226202704.0
007 t|
008 061121s1920 sp r ||||1| spa d
100 1 _aPalacio Valdés, Armando,
_d1853-1938
_988382
245 1 3 _aLa alegría del capitán Ribot /
_cArmando Palacio Valdés.
260 _aMadrid :
_b[s.n.],
_c1920 (
_fImp. Fant-oches)
300 _a303 p. ;
_c18 cm.
852 _aES-MaACL
_jB-4041
999 _c114233
_d114233